Spell Check- Click Quiz - Statistics

General Stats
  • This quiz has been taken 53 times
  • The average score is 16 of 20
Answer Stats
Hint Explanation Answer % Correct
Conscience Correct
100%
Chief Correct
96%
Correckt Correct Misspelled
96%
Literature Correct
94%
Necessary Correct
94%
Psychiatry Correct
92%
Maintenance Correct
90%
Misspelled Correct
88%
Nuisanse Nuisance Misspelled
85%
Ridiculuos Ridiculous Misspelled
85%
Descision Decision Misspelled
85%
Cemetery Correct
83%
Dissappear Disappear Misspelled
83%
Erroneous Correct
79%
Arterary Artery Misspelled
75%
Recieve Receive Misspelled
65%
Sacreligous Sacrilegious Misspelled
60%
Concensus Consensus Misspelled
60%
Extradict Extradite Misspelled
54%
Catenary Correct
29%
No matching quizzes found
Score Distribution
Percent of People with Each Score
Percentile by Number Answered
Your Score History
You have not taken this quiz